| 000 | 00719nam a2200205 a 4500 | ||
|---|---|---|---|
| 001 | BRCA_1787 | ||
| 005 | 20190320203542.0 | ||
| 008 | 931112s1992 mx-a---##b---#000-0#spa-# | ||
| 020 | _a9686084622 | ||
| 040 |
_aDLC _cDLC |
||
| 050 | 4 |
_aF1391.S2 _b.O78 1992 |
|
| 100 | 1 |
_aOrtiz Lajous, Jaime _93911 |
|
| 245 | 1 | 0 |
_aSan Luis Potosí _buna veta de cuatrocientos años _ctexto Jaime Ortiz Lajous ; fotografía Ignacio Urquiza. |
| 260 |
_aSan Luis Potosí, México _bGrupo Azabache : Gobierno del Estado de San Luis Potosí _c1992 |
||
| 300 |
_a189 p. _bil. a color _c30 cm. |
||
| 504 | _aBibliografía: p. 189 | ||
| 651 | 4 |
_aSan Luis Potosí (México) _xHistoria _95574 |
|
| 700 | 1 |
_aUrquiza, Ignacio _95575 |
|
| 942 |
_2lcc _cB |
||
| 999 |
_c1569 _d1569 |
||